| 000 | 00830nam a22002297a 4500 | ||
|---|---|---|---|
| 005 | 20100805153752.0 | ||
| 010 | _aENG-98328 | ||
| 020 |
_a8173716404 _c75.00 |
||
| 020 |
_a9788173716409 _c75.00 |
||
| 035 | _aEN-81861 | ||
| 037 | _bDBAD/PUB | ||
| 082 | _a888 | ||
| 100 |
_aAgarwal, Suresh K. _98369 |
||
| 245 |
_aImages : _ba selection of prose, poetry and plays for Rajasthan Technical University / _cby Suresh K. Agarwal |
||
| 260 |
_aHyderabad _bUniversities Press _c2008 |
||
| 270 |
_a3-6-747/1/A & 3-6-754/1, HImayatnagar _bHyderabad _e500029 |
||
| 300 |
_aiv, 208p. _c21cm (pbk) |
||
| 650 |
_aEnglish - miscelleneous writing _98370 |
||
| 700 |
_aRaj, Prerna _97130 |
||
| 942 |
_2ddc _cBN _h888 _mAGA |
||
| 999 |
_c39540 _d39540 |
||